| 000 | 00580nam a2200193 i 4500 | ||
|---|---|---|---|
| 001 | 101305 | ||
| 003 | ES-MaACL | ||
| 005 | 20250829062544.0 | ||
| 007 | t| | ||
| 008 | 051017s1971 sp ||||1| spa d | ||
| 100 | 1 |
_aMaurois, André, _d1885-1967 _979267 |
|
| 245 | 1 | 0 |
_aMemorias / _cAndré Maurois, [seud.] de Emile Herzog; [traducción de J. Ferrer Aleu]. |
| 250 | _a[1ª ed.]. | ||
| 260 |
_aBarcelona : _bPlaza & Janés, _c1971. |
||
| 300 |
_a490 p., 3 h. ; _c23 cm. |
||
| 700 | 1 |
_aFerrer Aleu, J. _950442 |
|
| 852 |
_aES-MaACL _jC-42214 _bR.78895 |
||
| 999 |
_c101305 _d101305 |
||